000 00395nam a2200157Ia 4500
005 20250329114544.0
008 231217s9999 xx 000 0 und d
020 _a9788131404232
082 _a658.812 MUK;1 R
100 _aMukerjee, Kaushik ed.
245 0 _aCRM : a strategic approach
260 _c2006
_bIcfai
_aHyderabad
300 _ax, 218
650 _aCRM,strategic
942 _cAA
999 _c189038
_d189038